Management of saline & waste water in agriculture (Record no. 15304)
[ view plain ]
| 000 -LEADER | |
|---|---|
| fixed length control field | 00344nam a22001337a 4500 |
| 020 ## - INTERNATIONAL STANDARD BOOK NUMBER | |
| ISBN | 9788172339326 |
| 082 ## - DEWEY DECIMAL CLASSIFICATION NUMBER | |
| Classification number | 631.587 |
| Item number | GUP/MA |
| 100 ## - MAIN ENTRY--AUTHOR NAME | |
| Personal name | GUPTA, S. K |
| 245 ## - TITLE STATEMENT | |
| Title | Management of saline & waste water in agriculture |
| 260 ## - PUBLICATION, DISTRIBUTION, ETC. (IMPRINT) | |
| Place of publication | New Delhi |
| Name of publisher | Scientific Publishers |
| Year of publication | 2015 |
| 300 ## - PHYSICAL DESCRIPTION | |
| Number of Pages | 316 |
| 700 ## - ADDED ENTRY--PERSONAL NAME | |
| Personal name | Gupta I. C |
| 942 ## - ADDED ENTRY ELEMENTS (KOHA) | |
| Koha item type | Books |
No items available.
